书目信息 |
| 题名: |
血肉长城
|
|
| 作者: | 周明 , 王逸之 著 | |
| 分册: | ||
| 出版信息: | 武汉 武汉大学出版社 2010.10 |
|
| 页数: | 147页 | |
| 开本: | 24cm | |
| 丛书名: | 经典战史回眸 | |
| 单 册: | ||
| 中图分类: | K265.21 | |
| 科图分类: | ||
| 主题词: | 徐州会战(1938)--史料 , 徐州会战(1938) | |
| 电子资源: | ||
| ISBN: | 978-7-307-08192-5 | |
| 000 | 00942oam2 2200289 45 | |
| 001 | 1360551421 | |
| 005 | 20130603091615.43 | |
| 010 | @a978-7-307-08192-5@dCNY20.00 | |
| 100 | @a20130513d2010 em y0chiy0110 ea | |
| 101 | 0 | @achi |
| 102 | @aCN@b420000 | |
| 105 | @aab z 000yy | |
| 106 | @ar | |
| 200 | 1 | @a血肉长城@AXue Rou Chang Cheng@e徐州会战@EXu Zhou Hui Zhan@f周明,王逸之著@FZhou Ming, Wang Yi Zhi Zhu |
| 210 | @a武汉@c武汉大学出版社@d2010.10 | |
| 215 | @a147页@c图,照片,地图@d24cm | |
| 225 | 2 | @a经典战史回眸@i抗战系列 |
| 330 | @a本书共分为三章,主要内容包括:南京保卫战;台儿庄大捷;徐州突围。 | |
| 461 | 0 | @12001 @a经典战史回眸@i抗战系列 |
| 517 | 1 | @a徐州会战@AXu Zhou Hui Zhan |
| 606 | 0 | @a徐州会战(1938)@x史料 |
| 606 | 0 | @a徐州会战(1938) |
| 690 | @aK265.21@v5 | |
| 701 | 0 | @a周明@AZhou Ming@4著 |
| 701 | 0 | @a王逸之@AWang Yi Zhi@4著 |
| 801 | @aCN@bTANGWEI@c20130523 | |
| 905 | @b0835283-87@dK265.21@e106@f5 | |
| 血肉长城:徐州会战/周明,王逸之著.-武汉:武汉大学出版社,2010.10 |
| 147页:图,照片,地图;24cm.-(经典战史回眸.抗战系列) |
| ISBN 978-7-307-08192-5:CNY20.00 |
| 本书共分为三章,主要内容包括:南京保卫战;台儿庄大捷;徐州突围。 |
| ● |
| 相关链接 |
|
|
|
|
正题名:血肉长城
索取号:K265.21/106
 
预约/预借
| 序号 | 登录号 | 条形码 | 馆藏地/架位号 | 状态 | 备注 |
| 1 | 0835283 | 208352833 | 第二样本阅览室/ [索取号:K265.21/106] | 在馆 | |
| 2 | 0835284 | 208352842 | 第二借阅区/ [索取号:K265.21/106] | 在馆 | |
| 3 | 0835285 | 208352851 | 第二借阅区/ [索取号:K265.21/106] | 在馆 | |
| 4 | 0835286 | 208352860 | 第二借阅区/ [索取号:K265.21/106] | 在馆 | |
| 5 | 0835287 | 208352879 | 第二借阅区/ [索取号:K265.21/106] | 在馆 |